000 01647nam a2200337 a 4500
001
003 OSt
005 20211126125427.0
007 ta
008 140512s2014 dr a 000 0 spa d
020 _a9789945583519
040 _aDO-SdBNP
_bspa
_cBPMSU
082 _a231.7097293
_bA353r 2018
_222
100 1 _aAlcántara, Polanco , Guarionex
_d1979-
245 1 0 _aRepública Dominicana la tierra de Dios :
_b revelando el secreto con las evidencias históricas /
_cGuarionex Alcántara ; prólogo Paula Díaz ,
260 _aSanto Domingo :
_bMinisterio Gloria Postrera ;
_bSantuario ,
_c2014.
300 _a167 p. ;
_c23 cm.
_b
500 _3Incluye datos biográficos del autor en la solapa de la cubierta
500 _aIncluye referencias bibliográficas y notas al pie de las páginas
504 _aBibliografías : p.157-162
505 0 _aAgradecimento.
505 0 _aPrólogo.
505 0 _aIntroducción.
_tCapítulo I :
_uDios " el autor de nuestra independencia.
_tCapítulo II :
_uEl misterio de la Isla de Santo Domingo.
_tCapítulo III :
_uEl misterio profético de un hombre llamado : Juan Pablo Duarte.
_tCapítulo IV :
_uLas verdades eternas del Padre en Juan Pablo (ideario incomprendido).
_tCapítulo V :
_uEl misterio profético de la Trinitaria, el escudo y el himno Nacional Dominicanos.
_tCapítulo VI :
_u El misterio del nombre.
_tCapítulo VII :
_uEl misterio profético de la etnia.
505 0 _aConclusiones.
505 0 _aReferencias biográficas.
590 _6Inventariado, 2021/VM
650 4 _aVida espiritual.
700 1 _aDíaz, Paula,
_epról.
910 _aVMateo V.
942 _2ddc
_cBK
999 _c13908
_d13908